75 Biggest US Cities by Population - Statistics

General Stats
  • This quiz has been taken 172 times
  • The average score is 58 of 75
Answer Stats
Answer % Correct
New York
98%
Chicago
97%
Los Angeles
97%
Boston
96%
Dallas
96%
Houston
96%
San Francisco
96%
Austin
95%
Las Vegas
95%
Miami
95%
Phoenix
95%
Seattle
95%
Washington DC
95%
San Diego
94%
Detroit
93%
Philadelphia
93%
Atlanta
92%
Charlotte
92%
Denver
92%
Nashville
92%
San Antonio
92%
Baltimore
91%
Portland
91%
Cleveland
90%
Indianapolis
90%
Jacksonville
90%
Memphis
90%
Minneapolis
90%
San Jose
90%
Columbus
89%
Kansas City
89%
Orlando
89%
St. Louis
89%
Oklahoma City
88%
Sacramento
88%
Tampa
88%
Louisville
85%
New Orleans
85%
Raleigh
85%
Cincinnati
84%
Milwaukee
84%
Fort Worth
83%
Pittsburgh
83%
El Paso
81%
Fresno
79%
Omaha
75%
Saint Paul
75%
Tucson
75%
Albuquerque
73%
Oakland
73%
Honolulu
72%
Tulsa
72%
Colorado Springs
71%
Virginia Beach
67%
Newark
65%
Mesa
64%
Long Beach
63%
Wichita
63%
Bakersfield
60%
Anaheim
59%
Anchorage
58%
Arlington
56%
Riverside
54%
Jersey City
53%
Corpus Christi
51%
Lexington
51%
Santa Ana
50%
Lincoln
49%
Aurora
47%
Durham
47%
Greensboro
46%
Stockton
40%
Irvine
38%
Henderson
35%
Plano
34%
No matching quizzes found
Score Distribution
Percent of People with Each Score
Percentile by Number Answered
Your Score History
You have not taken this quiz